LEADER 01319nam a2200253 u 4500 001 000000051855 003 CaOOAMICUS 005 20150908135532.0 008 000929s1982 vc u000 u lat u 035 $a10856847 040 $aPUL(R)$bita 130 0 $aCodex iuris canonici (1983).$0(OLS)http://pul/title/8782 245 10$aCodex iuris canonici :$bschema novissimum post consultationem S.R.E. Cardinalium, ... emendatum atque Summo Pontifici praesentatum. 260 $aCittà del Vaticano :$bLibreria editrice vaticana,$c1982. 300 $axviii, 308 p. ;$c20 cm 500 $aIn testa al front.: Pontificia Commissio Codici Iuris Canonici reconoscendo. 650 4$aDiritto canonico$xFonti.$0(OLS)http://pul/subject/1671 710 2 $aPontificia Commissio Codici Iuris Canonici Recognoscendo.$0(OLS)http://pul/name/2849 850 $aPUL 852 $aPUL$W1$xDP1 Fondo Ciprotti$y59$m1542 E 10$j68644$nBK-PRI$b $qFondi$B68644$CPULBib$Z2$F68644 $H $81 941 1 $a1 961 $aINV: Fondo Ciprotti 996 $6245$aCodex iuris canonici :$bschema novissimum post consultationem S.R.E. Cardinalium, ... emendatum atque Summo Pontifici praesentatum$9(OLS)http://pul/title/69607 996 $6260$aCittà del Vaticano :$bLibreria editrice vaticana$9(OLS)http://pul/publisher/47920 LEADER 02128nam a2200385 a 4500 001 000000109169 003 CaOOAMICUS 005 20090917113354.0 008 080122s2006 it oa 000 0 ita d 020 $z88-85095-34-2* 040 $aPUG$bita$dmv$dPUL$dLDA 245 00$aAttraverso lo schermo :$bcinema e cultura cattolica in Italia /$ca cura di Ruggero Eugeni e Dario E. Viganò. 260 $a[Roma] :$bEnte dello Spettacolo,$c©2006. 300 $a3 v. :$bfotogr., ill. ;$c21 cm 490 1 $aFrames 504 $aBibliografia 505 0 $av. 1: Dalle origini agli anni venti. - v. 2: Dagli anni trenta agli anni sessanta. - v. 3: Dagli anni settanta ai nostri giorni 650 04$aStoria del cinema$zItalia.$0(OLS)http://pul/subject/33867 700 1 $aViganò, Dario Edoardo,$csacerdote,$d1962-$0(OLS)http://pul/name/38000 700 1 $aEugeni, Ruggero.$0(OLS)http://pul/name/66853 740 0 $aDalle origini agli anni venti. 740 0 $aDagli anni trenta agli anni sessanta. 740 0 $aDagli anni settanta ai nostri giorni. 830 0$aFrames.$0(OLS)http://pul/title/131984 850 $aPUL 852 $aPUL$W1$xSL Cons. Gen., Altre Classi 3$y75$m791. 4 EDS 1.1$j124730$qDDC 21$B123480$CPULBib$Z2$F123480 $H106232 $82 852 $aPUL$W1$xSL Cons. Gen., Altre Classi 3$y75$m791. 4 EDS 1.2$j124731$qDDC 21$B123477$CPULBib$Z2$F123477 $H106233 $82 852 $aPUL$W1$xSL Cons. Gen., Altre Classi 3$y75$m791. 4 EDS 1.3$j124733$qDDC 21$B123478$CPULBib$Z2$F123478 $H106234 $82 941 1 $a9 996 $6020$z88-85095-34-2*$9(OLS)http://pul/number/136779 996 $6740$aDalle origini agli anni venti.$9(OLS)http://pul/title/137346 996 $6740$aDagli anni trenta agli anni sessanta.$9(OLS)http://pul/title/137345 996 $6740$aDagli anni settanta ai nostri giorni.$9(OLS)http://pul/title/137347 996 $6245$aAttraverso lo schermo :$bcinema e cultura cattolica in Italia$9(OLS)http://pul/title/137343 996 $6260$a[Roma] :$bEnte dello Spettacolo$9(OLS)http://pul/publisher/70001